Trendtop v cestovaní 2001 bilancia CR v SR a vo svete
Gespeichert in:
| Format: | Buch |
|---|---|
| Sprache: | Slowakisch |
| Veröffentlicht: |
Bratislava
TREND Holding
2001
|
| Schlagworte: | |
| Tags: |
Keine Tags, Fügen Sie das erste Tag hinzu!
|
MARC
| LEADER | 00000nam a2200000 4500 | ||
|---|---|---|---|
| 001 | c124670 | ||
| 005 | 20221108083845.4 | ||
| 041 | 0 | |a slo | |
| 044 | |a SK | ||
| 245 | 1 | 0 | |a Trendtop v cestovaní 2001 |b bilancia CR v SR a vo svete |
| 264 | 1 | |a Bratislava |b TREND Holding |c 2001 | |
| 300 | |a 62 s. | ||
| 610 | 2 | 0 | |a ruch cestovný |
| 610 | 2 | 0 | |a ruch cestovný aktívny |
| 610 | 2 | 0 | |a ruch cestovný domáci |
| 610 | 2 | 0 | |a ruch cestovný kongresový |
| 610 | 2 | 0 | |a ruch cestovný medzinárodný |
| 610 | 2 | 0 | |a svet |
| 610 | 2 | 0 | |a Slovensko |
| 610 | 2 | 0 | |a kancelárie cestovné |
| 610 | 2 | 0 | |a politika ruchu cestovného |
| 610 | 2 | 0 | |a ruch cestovný zahraničný |
| 610 | 2 | 0 | |a ruch cestovný zdravotný |
| 610 | 2 | 0 | |a poistenie cestovné |
| 610 | 2 | 0 | |a zariadenia stravovacie |
| 610 | 2 | 0 | |a zariadenia ubytovacie |
| 610 | 2 | 0 | |a reštaurácie |